[Event "DEM U12 2021"]
[Site "Willingen GER"]
[Date "2021.08.27"]
[Round "7"]
[White "Theviot, Luca"]
[Black "Uyar, Levin"]
[Result "0-1"]
[Termination "normal"]
[Board "16"]
[WhiteElo "1417"]
[BlackElo "1048"]
[WhiteClock "00:16:39"]
[BlackClock "00:17:41"]
[PlyCount "94"]
[WhiteFideId "16277449"]
[BlackFideId "16282108"]
[EventCountry "GER"]
[EventRounds "9"]
[EventType "swiss"]
[EventDate "2021.08.22"]

1. d4 {[%clk 01:30:50]} {[%emt 00:00:10]} Nf6 {[%clk 01:30:46]} {[%emt
00:00:14]} 2. Bf4 {[%clk 01:31:14]} {[%emt 00:00:06]} d5 {[%clk 01:30:48]}
{[%emt 00:00:28]} 3. e3 {[%clk 01:31:33]} {[%emt 00:00:10]} Bf5 {[%clk
01:28:27]} {[%emt 00:02:51]} 4. c4 {[%clk 01:31:54]} {[%emt 00:00:10]} Nc6
{[%clk 01:25:43]} {[%emt 00:03:13]} 5. Nc3 {[%clk 01:31:00]} {[%emt 00:01:24]}
e6 {[%clk 01:25:58]} {[%emt 00:00:15]} 6. Nf3 {[%clk 01:27:27]} {[%emt
00:04:03]} Bb4 {[%clk 01:24:49]} {[%emt 00:01:40]} 7. Rc1 {[%clk 01:25:13]}
{[%emt 00:02:44]} O-O {[%clk 01:24:15]} {[%emt 00:01:03]} 8. a3 {[%clk
01:23:41]} {[%emt 00:02:03]} Bd6 {[%clk 01:20:30]} {[%emt 00:04:15]} 9. Bg3
{[%clk 01:23:58]} {[%emt 00:00:13]} Re8 {[%clk 01:15:19]} {[%emt 00:05:41]} 10.
c5 {[%clk 01:23:49]} {[%emt 00:00:39]} Bxg3 {[%clk 01:13:28]} {[%emt 00:02:20]}
11. hxg3 {[%clk 01:23:51]} {[%emt 00:00:28]} Bg4 {[%clk 01:01:44]} {[%emt
00:12:14]} 12. Qc2 {[%clk 01:18:20]} {[%emt 00:06:02]} Bf5 {[%clk 00:51:37]}
{[%emt 00:10:35]} 13. Bd3 {[%clk 01:18:29]} {[%emt 00:00:22]} Bxd3 {[%clk
00:51:41]} {[%emt 00:00:26]} 14. Qxd3 {[%clk 01:18:51]} {[%emt 00:00:09]} e5
{[%clk 00:51:19]} {[%emt 00:00:52]} 15. dxe5 {[%clk 01:08:31]} {[%emt
00:10:49]} Nxe5 {[%clk 00:48:34]} {[%emt 00:03:15]} 16. Nxe5 {[%clk 01:08:51]}
{[%emt 00:00:10]} Rxe5 {[%clk 00:48:50]} {[%emt 00:00:14]} 17. Qd4 {[%clk
01:04:29]} {[%emt 00:04:52]} Re6 {[%clk 00:37:16]} {[%emt 00:12:04]} 18. Kf1
{[%clk 00:55:25]} {[%emt 00:09:35]} c6 {[%clk 00:33:44]} {[%emt 00:04:01]} 19.
Qh4 {[%clk 00:54:14]} {[%emt 00:01:40]} h6 {[%clk 00:28:31]} {[%emt 00:05:44]}
20. g4 {[%clk 00:49:49]} {[%emt 00:04:54]} Ne4 {[%clk 00:27:24]} {[%emt
00:01:37]} 21. Nxe4 {[%clk 00:49:58]} {[%emt 00:00:22]} Qxh4 {[%clk 00:25:40]}
{[%emt 00:02:14]} 22. Rxh4 {[%clk 00:50:21]} {[%emt 00:00:07]} Rxe4 {[%clk
00:26:04]} {[%emt 00:00:06]} 23. Ke2 {[%clk 00:49:13]} {[%emt 00:01:38]} Rae8
{[%clk 00:25:46]} {[%emt 00:00:48]} 24. Rc3 {[%clk 00:38:08]} {[%emt 00:11:35]}
d4 {[%clk 00:25:07]} {[%emt 00:01:08]} 25. Rd3 {[%clk 00:34:43]} {[%emt
00:03:56]} f5 {[%clk 00:19:25]} {[%emt 00:06:11]} 26. Kf3 {[%clk 00:31:43]}
{[%emt 00:03:31]} dxe3 {[%clk 00:15:12]} {[%emt 00:04:42]} 27. Rxe3 {[%clk
00:31:26]} {[%emt 00:00:48]} fxg4+ {[%clk 00:15:11]} {[%emt 00:00:30]} 28. Rxg4
{[%clk 00:31:23]} {[%emt 00:00:34]} Rxe3+ {[%clk 00:14:57]} {[%emt 00:00:43]}
29. fxe3 {[%clk 00:31:45]} {[%emt 00:00:09]} Re5 {[%clk 00:15:05]} {[%emt
00:00:21]} 30. b4 {[%clk 00:27:04]} {[%emt 00:05:12]} Kf7 {[%clk 00:14:13]}
{[%emt 00:01:21]} 31. Rf4+ {[%clk 00:21:46]} {[%emt 00:05:49]} Ke6 {[%clk
00:13:45]} {[%emt 00:00:58]} 32. Rf8 {[%clk 00:19:48]} {[%emt 00:02:29]} Rf5+
{[%clk 00:13:25]} {[%emt 00:00:50]} 33. Rxf5 {[%clk 00:20:09]} {[%emt
00:00:10]} Kxf5 {[%clk 00:13:51]} {[%emt 00:00:03]} 34. e4+ {[%clk 00:19:26]}
{[%emt 00:01:13]} Ke5 {[%clk 00:14:06]} {[%emt 00:00:13]} 35. Ke3 {[%clk
00:19:49]} {[%emt 00:00:09]} h5 {[%clk 00:13:50]} {[%emt 00:00:45]} 36. a4
{[%clk 00:19:47]} {[%emt 00:00:33]} a6 {[%clk 00:14:16]} {[%emt 00:00:05]} 37.
Kf3 {[%clk 00:17:20]} {[%emt 00:02:57]} g5 {[%clk 00:13:58]} {[%emt 00:00:47]}
38. g4 {[%clk 00:16:59]} {[%emt 00:00:51]} hxg4+ {[%clk 00:14:18]} {[%emt
00:00:09]} 39. Kxg4 {[%clk 00:17:08]} {[%emt 00:00:21]} Kxe4 {[%clk 00:14:45]}
{[%emt 00:00:03]} 40. Kxg5 {[%clk 00:17:13]} {[%emt 00:00:26]} Kd5 {[%clk
00:15:09]} {[%emt 00:00:06]} 41. Kf6 {[%clk 00:16:18]} {[%emt 00:01:25]} a5
{[%clk 00:15:16]} {[%emt 00:00:23]} 42. bxa5 {[%clk 00:16:11]} {[%emt
00:00:37]} Kxc5 {[%clk 00:15:38]} {[%emt 00:00:06]} 43. Ke6 {[%clk 00:16:35]}
{[%emt 00:00:08]} Kb4 {[%clk 00:16:04]} {[%emt 00:00:04]} 44. a6 {[%clk
00:16:24]} {[%emt 00:00:42]} bxa6 {[%clk 00:16:29]} {[%emt 00:00:04]} 45. Kd6
{[%clk 00:16:16]} {[%emt 00:00:38]} c5 {[%clk 00:16:55]} {[%emt 00:00:04]} 46.
Kc6 {[%clk 00:16:32]} {[%emt 00:00:15]} c4 {[%clk 00:17:19]} {[%emt 00:00:05]}
47. Kb6 {[%clk 00:16:39]} {[%emt 00:00:24]} a5 {[%clk 00:17:41]} {[%emt
00:00:08]} 0-1

[Event "DEM U12 2021"]
[Site "Willingen GER"]
[Date "2021.08.27"]
[Round "7"]
[White "Xue, Luka"]
[Black "Bräutigam, Alexander"]
[Result "1/2-1/2"]
[Termination "normal"]
[Board "17"]
[WhiteElo "1496"]
[BlackElo "1555"]
[WhiteClock "00:13:28"]
[BlackClock "00:11:34"]
[PlyCount "104"]
[WhiteFideId "16277252"]
[BlackFideId "16245210"]
[EventCountry "GER"]
[EventRounds "9"]
[EventType "swiss"]
[EventDate "2021.08.22"]

1. d4 {[%clk 01:30:41]} {[%emt 00:00:18]} Nf6 {[%clk 01:30:54]} {[%emt
00:00:07]} 2. c4 {[%clk 01:31:03]} {[%emt 00:00:08]} e6 {[%clk 01:31:17]}
{[%emt 00:00:06]} 3. Nc3 {[%clk 01:31:10]} {[%emt 00:00:22]} Bb4 {[%clk
01:31:06]} {[%emt 00:00:43]} 4. e3 {[%clk 01:30:51]} {[%emt 00:00:49]} c5
{[%emt 00:02:38]} 5. Nge2 {[%clk 01:29:37]} {[%emt 00:00:11]} O-O {[%clk
01:29:45]} {[%emt 00:01:15]} 6. a3 {[%clk 01:26:43]} {[%emt 00:03:25]} Bxc3+
{[%clk 01:29:11]} {[%emt 00:01:04]} 7. Nxc3 {[%clk 01:25:35]} {[%emt 00:01:38]}
b6 {[%clk 01:27:17]} {[%emt 00:02:25]} 8. Be2 {[%clk 01:23:15]} {[%emt
00:02:49]} Bb7 {[%clk 01:25:57]} {[%emt 00:01:51]} 9. d5 {[%clk 01:21:10]}
{[%emt 00:02:35]} d6 {[%clk 01:23:39]} {[%emt 00:02:47]} 10. e4 {[%clk
01:17:18]} {[%emt 00:04:21]} exd5 {[%clk 01:20:21]} {[%emt 00:03:49]} 11. exd5
{[%clk 01:16:42]} {[%emt 00:01:06]} h6 {[%clk 01:19:44]} {[%emt 00:01:07]} 12.
O-O {[%clk 01:16:34]} {[%emt 00:00:38]} a6 {[%clk 01:18:50]} {[%emt 00:01:25]}
13. Bf4 {[%clk 01:12:06]} {[%emt 00:04:58]} Qc7 {[%clk 01:18:00]} {[%emt
00:01:21]} 14. Qd2 {[%clk 01:05:57]} {[%emt 00:06:38]} Nh7 {[%clk 01:11:23]}
{[%emt 00:07:05]} 15. h3 {[%clk 01:02:10]} {[%emt 00:04:18]} Nd7 {[%clk
01:08:32]} {[%emt 00:03:21]} 16. Ne4 {[%clk 01:00:21]} {[%emt 00:02:20]} Ne5
{[%clk 01:08:30]} {[%emt 00:00:32]} 17. Bd3 {[%clk 00:42:26]} {[%emt 00:18:25]}
Rae8 {[%clk 00:59:27]} {[%emt 00:09:32]} 18. Bxe5 {[%clk 00:35:19]} {[%emt
00:07:38]} dxe5 {[%clk 00:52:10]} {[%emt 00:07:47]} 19. Ng3 {[%clk 00:30:26]}
{[%emt 00:05:22]} Bc8 {[%emt 00:10:14]} 20. f4 {[%clk 00:24:18]} {[%emt
00:06:34]} Nf6 {[%clk 00:37:05]} {[%emt 00:05:54]} 21. Rae1 {[%clk 00:19:27]}
{[%emt 00:05:22]} exf4 {[%clk 00:33:21]} {[%emt 00:04:14]} 22. Rxe8 {[%clk
00:18:20]} {[%emt 00:01:38]} Rxe8 {[%clk 00:32:04]} {[%emt 00:01:46]} 23. Rxf4
{[%clk 00:16:09]} {[%emt 00:02:41]} Qe5 {[%clk 00:26:51]} {[%emt 00:05:42]} 24.
Rf3 {[%clk 00:11:50]} {[%emt 00:04:49]} Bd7 {[%clk 00:17:43]} {[%emt 00:09:39]}
25. Nf5 {[%clk 00:09:25]} {[%emt 00:02:54]} Bxf5 {[%clk 00:16:19]} {[%emt
00:01:54]} 26. Bxf5 {[%clk 00:09:07]} {[%emt 00:00:48]} Qe1+ {[%clk 00:15:40]}
{[%emt 00:01:09]} 27. Qxe1 {[%clk 00:07:42]} {[%emt 00:01:56]} Rxe1+ {[%clk
00:16:04]} {[%emt 00:00:06]} 28. Rf1 {[%clk 00:07:15]} {[%emt 00:00:57]} Rxf1+
{[%clk 00:15:52]} {[%emt 00:00:42]} 29. Kxf1 {[%clk 00:07:41]} {[%emt
00:00:05]} Kf8 {[%clk 00:16:10]} {[%emt 00:00:10]} 30. Ke2 {[%clk 00:07:56]}
{[%emt 00:00:15]} Ke7 {[%clk 00:16:25]} {[%emt 00:00:15]} 31. g4 {[%clk
00:08:16]} {[%emt 00:00:11]} Kd6 {[%clk 00:16:28]} {[%emt 00:00:26]} 32. Ke3
{[%clk 00:08:15]} {[%emt 00:00:31]} Ke5 {[%clk 00:16:31]} {[%emt 00:00:27]} 33.
Bc8 {[%clk 00:07:51]} {[%emt 00:00:55]} a5 {[%clk 00:16:51]} {[%emt 00:00:10]}
34. Bf5 {[%clk 00:05:34]} {[%emt 00:02:46]} g5 {[%clk 00:16:43]} {[%emt
00:00:38]} 35. b3 {[%clk 00:05:17]} {[%emt 00:00:48]} Ne8 {[%clk 00:16:09]}
{[%emt 00:01:03]} 36. Be4 {[%clk 00:05:06]} {[%emt 00:00:40]} Nd6 {[%clk
00:15:58]} {[%emt 00:00:42]} 37. Bd3 {[%clk 00:04:32]} {[%emt 00:01:04]} Ne8
{[%clk 00:12:07]} {[%emt 00:04:21]} 38. Bf5 {[%clk 00:04:18]} {[%emt 00:00:43]}
Ng7 {[%clk 00:08:10]} {[%emt 00:04:28]} 39. Be4 {[%clk 00:03:32]} {[%emt
00:01:16]} h5 {[%clk 00:08:09]} {[%emt 00:00:31]} 40. Bd3 {[%clk 00:02:45]}
{[%emt 00:01:18]} hxg4 {[%clk 00:07:56]} {[%emt 00:00:43]} 41. hxg4 {[%clk
00:03:09]} {[%emt 00:00:06]} Ne8 {[%clk 00:07:37]} {[%emt 00:00:48]} 42. Be4
{[%clk 00:02:59]} {[%emt 00:00:41]} Nf6 {[%clk 00:04:21]} {[%emt 00:03:46]} 43.
Bf5 {[%clk 00:02:58]} {[%emt 00:00:30]} Ng8 {[%clk 00:03:52]} {[%emt 00:00:59]}
44. Be4 {[%clk 00:02:49]} {[%emt 00:00:40]} Nh6 {[%clk 00:03:39]} {[%emt
00:00:42]} 45. Kf3 {[%clk 00:23:59]} {[%emt 00:09:21]} Ng8 {[%clk 00:18:11]}
{[%emt 00:15:58]} 46. Ke3 {[%clk 00:24:09]} {[%emt 00:00:20]} Ne7 {[%clk
00:18:13]} {[%emt 00:00:27]} 47. Bd3 {[%clk 00:23:21]} {[%emt 00:01:18]} b5
{[%clk 00:14:10]} {[%emt 00:04:34]} 48. d6 {[%clk 00:20:44]} {[%emt 00:03:07]}
Kxd6 {[%clk 00:13:46]} {[%emt 00:00:53]} 49. cxb5 {[%clk 00:20:58]} {[%emt
00:00:16]} Ke5 {[%clk 00:11:40]} {[%emt 00:02:36]} 50. Be4 {[%clk 00:18:32]}
{[%emt 00:02:57]} Nc8 {[%clk 00:11:53]} {[%emt 00:00:16]} 51. Bf5 {[%clk
00:16:39]} {[%emt 00:02:24]} Nb6 {[%clk 00:12:13]} {[%emt 00:00:10]} 52. Kd3
{[%clk 00:13:28]} {[%emt 00:03:40]} f6 {[%clk 00:11:34]} {[%emt 00:01:09]}
1/2-1/2

[Event "DEM U12 2021"]
[Site "Willingen GER"]
[Date "2021.08.27"]
[Round "7"]
[White "Zobel, Christian"]
[Black "Birkenheier, Nicolas"]
[Result "1/2-1/2"]
[Termination "normal"]
[Board "18"]
[WhiteElo "1641"]
[BlackElo "1293"]
[WhiteClock "00:45:26"]
[BlackClock "00:24:26"]
[PlyCount "51"]
[WhiteFideId "16259068"]
[BlackFideId "16287100"]
[EventCountry "GER"]
[EventRounds "9"]
[EventType "swiss"]
[EventDate "2021.08.22"]

1. e4 {[%clk 01:30:58]} {[%emt 00:00:01]} e5 {[%clk 01:30:45]} {[%emt
00:00:16]} 2. Nf3 {[%clk 01:31:24]} {[%emt 00:00:03]} Nc6 {[%clk 01:30:45]}
{[%emt 00:00:31]} 3. Bc4 {[%clk 01:31:50]} {[%emt 00:00:04]} Bc5 {[%clk
01:30:38]} {[%emt 00:00:36]} 4. c3 {[%clk 01:32:13]} {[%emt 00:00:07]} Nf6
{[%clk 01:30:37]} {[%emt 00:00:31]} 5. d3 {[%clk 01:32:39]} {[%emt 00:00:04]}
d6 {[%clk 01:30:18]} {[%emt 00:00:49]} 6. O-O {[%clk 01:32:51]} {[%emt
00:00:18]} O-O {[%clk 01:30:01]} {[%emt 00:00:47]} 7. Nbd2 {[%clk 01:33:10]}
{[%emt 00:00:11]} a6 {[%clk 01:29:36]} {[%emt 00:00:56]} 8. Bb3 {[%clk
01:33:35]} {[%emt 00:00:04]} Ba7 {[%clk 01:28:47]} {[%emt 00:01:19]} 9. h3
{[%clk 01:33:11]} {[%emt 00:00:53]} Be6 {[%clk 01:27:45]} {[%emt 00:01:33]} 10.
Re1 {[%clk 01:33:17]} {[%emt 00:00:25]} Re8 {[%clk 01:26:24]} {[%emt 00:01:50]}
11. Nf1 {[%clk 01:31:54]} {[%emt 00:01:53]} d5 {[%clk 01:18:45]} {[%emt
00:08:10]} 12. Qe2 {[%clk 01:29:19]} {[%emt 00:03:04]} Qd7 {[%clk 01:09:30]}
{[%emt 00:09:45]} 13. Bg5 {[%clk 01:28:33]} {[%emt 00:01:15]} Nh5 {[%clk
01:06:49]} {[%emt 00:03:12]} 14. Ne3 {[%clk 01:19:21]} {[%emt 00:09:42]} dxe4
{[%clk 00:55:27]} {[%emt 00:11:51]} 15. dxe4 {[%clk 01:18:19]} {[%emt
00:01:31]} h6 {[%clk 00:51:07]} {[%emt 00:04:52]} 16. Rad1 {[%clk 01:15:11]}
{[%emt 00:03:39]} Qc8 {[%clk 00:50:45]} {[%emt 00:00:49]} 17. Nh2 {[%clk
01:13:09]} {[%emt 00:02:33]} Nf4 {[%clk 00:46:05]} {[%emt 00:05:11]} 18. Bxf4
{[%clk 01:12:15]} {[%emt 00:01:24]} exf4 {[%clk 00:46:22]} {[%emt 00:00:14]}
19. Nd5 {[%clk 01:11:50]} {[%emt 00:00:54]} Bxd5 {[%clk 00:45:27]} {[%emt
00:01:26]} 20. Bxd5 {[%clk 01:10:07]} {[%emt 00:02:12]} Ne5 {[%clk 00:40:54]}
{[%emt 00:05:02]} 21. Qh5 {[%clk 01:02:31]} {[%emt 00:08:06]} c6 {[%clk
00:36:35]} {[%emt 00:04:50]} 22. Bb3 {[%clk 01:01:24]} {[%emt 00:01:36]} Qc7
{[%clk 00:34:48]} {[%emt 00:02:17]} 23. Qf5 {[%clk 00:59:46]} {[%emt 00:02:09]}
Rad8 {[%clk 00:30:18]} {[%emt 00:04:59]} 24. Qxf4 {[%clk 00:56:21]} {[%emt
00:03:56]} Qe7 {[%clk 00:27:25]} {[%emt 00:03:15]} 25. Qg3 {[%clk 00:49:39]}
{[%emt 00:07:18]} h5 {[%clk 00:24:26]} {[%emt 00:03:28]} 26. h4 {[%clk
00:45:26]} {[%emt 00:04:45]} 1/2-1/2

[Event "DEM U12 2021"]
[Site "Willingen GER"]
[Date "2021.08.27"]
[Round "7"]
[White "Mündörfer, Sebastian"]
[Black "Goldmann, David"]
[Result "0-1"]
[Termination "normal"]
[Board "19"]
[WhiteElo "1176"]
[BlackElo "1629"]
[WhiteClock "00:41:51"]
[BlackClock "00:40:43"]
[PlyCount "54"]
[WhiteFideId "34604367"]
[BlackFideId "16268920"]
[EventCountry "GER"]
[EventRounds "9"]
[EventType "swiss"]
[EventDate "2021.08.22"]

1. d4 {[%clk 01:30:59]} d5 {[%clk 01:30:52]} {[%emt 00:00:08]} 2. c4 {[%clk
01:31:10]} {[%emt 00:00:20]} e6 {[%clk 01:31:04]} {[%emt 00:00:18]} 3. Nc3
{[%clk 01:31:13]} {[%emt 00:00:27]} c5 {[%clk 01:31:12]} {[%emt 00:00:21]} 4.
cxd5 {[%clk 01:31:29]} {[%emt 00:00:14]} exd5 {[%clk 01:31:34]} {[%emt
00:00:09]} 5. e4 {[%clk 01:31:01]} {[%emt 00:00:58]} dxe4 {[%clk 01:28:13]}
{[%emt 00:03:51]} 6. d5 {[%clk 01:31:22]} {[%emt 00:00:09]} Nf6 {[%clk
01:26:18]} {[%emt 00:02:25]} 7. Bb5+ {[%clk 01:28:06]} {[%emt 00:03:46]} Bd7
{[%clk 01:26:31]} {[%emt 00:00:16]} 8. Bg5 {[%clk 01:25:56]} {[%emt 00:02:40]}
Bxb5 {[%clk 01:23:20]} {[%emt 00:03:41]} 9. Bxf6 {[%clk 01:25:30]} {[%emt
00:00:57]} Qb6 {[%clk 01:20:37]} {[%emt 00:03:13]} 10. Nxb5 {[%clk 01:21:22]}
{[%emt 00:04:38]} Qxb5 {[%clk 01:18:48]} {[%emt 00:02:20]} 11. Bc3 {[%clk
01:21:41]} {[%emt 00:00:10]} Nd7 {[%clk 01:12:26]} {[%emt 00:06:51]} 12. Ne2
{[%clk 01:19:48]} {[%emt 00:02:23]} O-O-O {[%clk 01:07:05]} {[%emt 00:05:51]}
13. O-O {[%clk 01:16:43]} {[%emt 00:03:35]} Nb6 {[%clk 01:02:39]} {[%emt
00:04:57]} 14. Nf4 {[%clk 01:15:08]} {[%emt 00:02:05]} Qd7 {[%clk 00:59:11]}
{[%emt 00:03:57]} 15. Qe2 {[%clk 01:07:52]} {[%emt 00:07:46]} Qf5 {[%clk
00:55:06]} {[%emt 00:04:35]} 16. g3 {[%clk 01:06:30]} {[%emt 00:01:52]} Rg8
{[%clk 00:49:23]} {[%emt 00:06:13]} 17. f3 {[%clk 01:06:18]} {[%emt 00:00:43]}
Re8 {[%clk 00:45:00]} {[%emt 00:04:52]} 18. Rfe1 {[%clk 00:57:48]} {[%emt
00:09:00]} e3 {[%clk 00:45:09]} {[%emt 00:00:21]} 19. Bd2 {[%clk 00:48:39]}
{[%emt 00:09:39]} Bd6 {[%clk 00:44:19]} {[%emt 00:01:20]} 20. Ng2 {[%clk
00:45:08]} {[%emt 00:04:01]} exd2 {[%clk 00:43:40]} {[%emt 00:01:09]} 21. Qxd2
{[%clk 00:45:17]} {[%emt 00:00:21]} Qf6 {[%clk 00:39:27]} {[%emt 00:04:43]} 22.
Rac1 {[%clk 00:44:58]} {[%emt 00:00:50]} Kb8 {[%clk 00:39:35]} {[%emt
00:00:21]} 23. Nf4 {[%clk 00:41:24]} {[%emt 00:04:04]} Bxf4 {[%clk 00:39:10]}
{[%emt 00:00:55]} 24. gxf4 {[%clk 00:41:28]} {[%emt 00:00:27]} Qd4+ {[%clk
00:39:33]} {[%emt 00:00:07]} 25. Qxd4 {[%clk 00:41:36]} {[%emt 00:00:21]} cxd4
{[%clk 00:39:59]} {[%emt 00:00:05]} 26. Rcd1 {[%clk 00:41:51]} {[%emt
00:00:15]} Rxe1+ {[%clk 00:40:15]} {[%emt 00:00:13]} 27. Rxe1 {[%clk 00:41:51]}
{[%emt 00:00:31]} Nxd5 {[%clk 00:40:43]} 0-1

[Event "DEM U12 2021"]
[Site "Willingen GER"]
[Date "2021.08.27"]
[Round "7"]
[White "Gärtner, Alessandro"]
[Black "Wolff, Calvin"]
[Result "1-0"]
[Termination "normal"]
[Board "20"]
[WhiteElo "1332"]
[BlackElo "1368"]
[WhiteClock "00:07:23"]
[BlackClock "00:02:41"]
[PlyCount "57"]
[WhiteFideId "16268024"]
[BlackFideId "16269969"]
[EventCountry "GER"]
[EventRounds "9"]
[EventType "swiss"]
[EventDate "2021.08.22"]

1. d4 {[%clk 01:30:55]} {[%emt 00:00:04]} d5 {[%clk 01:30:14]} {[%emt
00:00:47]} 2. c4 {[%clk 01:31:21]} {[%emt 00:00:05]} e6 {[%clk 01:30:37]}
{[%emt 00:00:06]} 3. Nc3 {[%clk 01:31:36]} {[%emt 00:00:13]} Be7 {[%clk
01:30:26]} {[%emt 00:00:42]} 4. Nf3 {[%clk 01:31:48]} {[%emt 00:00:18]} Nf6
{[%clk 01:30:11]} {[%emt 00:00:46]} 5. Bf4 {[%clk 01:31:52]} {[%emt 00:00:25]}
O-O {[%clk 01:29:41]} {[%emt 00:01:01]} 6. e3 {[%clk 01:31:58]} {[%emt
00:00:23]} b6 {[%clk 01:28:20]} {[%emt 00:01:52]} 7. cxd5 {[%clk 01:31:57]}
{[%emt 00:00:30]} Nxd5 {[%clk 01:28:02]} {[%emt 00:00:48]} 8. Nxd5 {[%clk
01:30:38]} {[%emt 00:01:50]} Qxd5 {[%clk 01:27:11]} {[%emt 00:01:21]} 9. a3
{[%clk 01:29:46]} {[%emt 00:01:22]} Bd6 {[%clk 01:17:57]} {[%emt 00:09:45]} 10.
Bxd6 {[%clk 01:27:13]} {[%emt 00:03:02]} Qxd6 {[%clk 01:16:28]} {[%emt
00:01:59]} 11. Bd3 {[%clk 01:25:38]} {[%emt 00:02:04]} Bb7 {[%clk 01:10:17]}
{[%emt 00:06:43]} 12. Bxh7+ {[%clk 01:18:49]} {[%emt 00:07:18]} Kxh7 {[%clk
00:58:06]} {[%emt 00:12:41]} 13. Ng5+ {[%clk 01:18:53]} {[%emt 00:00:25]} Kh6
{[%clk 00:56:49]} {[%emt 00:01:47]} 14. Qg4 {[%clk 01:09:01]} {[%emt 00:10:22]}
e5 {[%clk 00:35:25]} {[%emt 00:21:55]} 15. Qh4+ {[%clk 00:57:56]} {[%emt
00:11:34]} Kg6 {[%clk 00:35:40]} {[%emt 00:00:15]} 16. g4 {[%clk 00:56:47]}
{[%emt 00:01:40]} exd4 {[%clk 00:25:06]} {[%emt 00:11:04]} 17. f4 {[%clk
00:51:09]} {[%emt 00:06:08]} f5 {[%clk 00:23:58]} {[%emt 00:01:38]} 18. Qh5+
{[%clk 00:44:02]} {[%emt 00:07:36]} Kf6 {[%clk 00:23:01]} {[%emt 00:01:28]} 19.
Rg1 {[%clk 00:27:16]} {[%emt 00:17:15]} Ke7 {[%clk 00:15:35]} {[%emt 00:07:56]}
20. Nh7 {[%clk 00:20:09]} {[%emt 00:07:37]} Re8 {[%clk 00:04:41]} {[%emt
00:11:25]} 21. gxf5 {[%clk 00:13:12]} {[%emt 00:07:26]} Kd8 {[%clk 00:03:49]}
{[%emt 00:01:23]} 22. O-O-O {[%clk 00:11:50]} {[%emt 00:01:51]} Qc5+ {[%clk
00:03:28]} {[%emt 00:00:52]} 23. Kb1 {[%clk 00:12:05]} {[%emt 00:00:15]} Be4+
{[%clk 00:03:51]} {[%emt 00:00:07]} 24. Ka1 {[%clk 00:12:09]} {[%emt 00:00:25]}
d3 {[%clk 00:04:15]} {[%emt 00:00:07]} 25. Rxg7 {[%clk 00:10:52]} {[%emt
00:01:46]} Qc2 {[%clk 00:03:57]} {[%emt 00:00:48]} 26. Nf6 {[%clk 00:11:01]}
{[%emt 00:00:20]} Rf8 {[%clk 00:03:34]} {[%emt 00:00:54]} 27. Nxe4 {[%clk
00:10:45]} {[%emt 00:00:46]} Kc8 {[%clk 00:03:37]} {[%emt 00:00:27]} 28. Nc3
{[%clk 00:10:09]} {[%emt 00:01:06]} Na6 {[%clk 00:02:41]} {[%emt 00:01:27]} 29.
Qf3 {[%clk 00:07:23]} {[%emt 00:03:14]} 1-0